| 000 | 01299cam a2200265 4500 | ||
|---|---|---|---|
| 001 | ABS66705 | ||
| 008 | 030523n2003 000 0 eng u | ||
| 035 | _a(Sirsi) u122389 | ||
| 100 | _aShepherd, E. | ||
| 245 | _aAll in the day's work | ||
| 260 | _c2003 | ||
| 490 |
_aEstates Gazette _v(0319) 10 May 2003, 116(1) |
||
| 520 | _aDiscusses how owners and occupiers can comply with the Control of Asbestos at Work Regulations 2002 which came into force 21 November 2002. Regs 4 and 20 do not come into force until 21 May 2004 and 21 November 2004 respectively, allowing organisations time to prepare for compliance. Outlines the new roles of duty holders to maintain and repair non-domestic properties, or control access to those properties and to manage the risk from asbestos. Reviews the practical implications of the problems which may be encountered. | ||
| 590 | _aABS | ||
| 650 | _aCONTROL OF ASBESTOS AT WORK REGULATIONS 2002 | ||
| 650 | _aMANAGEMENT-HEALTH AND SAFETY-HAZARDOUS SUBSTANCES-ASBESTOS | ||
| 650 | _aREGULATIONS | ||
| 650 |
_aBUILDING CONTROL _96222 |
||
| 650 | _aASBESTOS-CONTAINING MATERIALS | ||
| 650 | _aHEALTH AND SAFETY EXECUTIVE | ||
| 650 | _aENVIRONMENTAL PROTECTION ACT 1990 | ||
| 690 |
_aHEALTH AND SAFETY _96244 |
||
| 700 | _aThomson, C. | ||
| 942 | _n0 | ||
| 999 |
_c72746 _d72746 |
||